| 000 | 00985nas a2200301 4500 | ||
|---|---|---|---|
| 001 | BR2011002443 | ||
| 003 | BR-BrBNA | ||
| 005 | 20231205115323.0 | ||
| 007 | ta | ||
| 008 | 230509b bl.|||p| |||| 00| 00por d | ||
| 040 |
_aBR-BrBNA _bpor _cBiblioteca Nacional de Agricultura |
||
| 041 | _a(Pt) | ||
| 072 | _aF61; F04 | ||
| 100 | 1 | _aAbreu, M.F. de | |
| 100 | 1 | _aSantos, P.H. dos | |
| 100 | 1 | _aFurlani, P.R. | |
| 100 | 1 | _aAbreu, C.A. de | |
| 245 | 1 | _aExtração de substratos para obtenção da concentração de micronutrientes disponíveis para a rúcula | |
| 650 | _aRÚCULA | ||
| 650 | _aERUCA SATIVA | ||
| 650 | _aMICROELEMENTO | ||
| 650 | _aFIBRA VEGETAL | ||
| 650 | _aANÁLISE QUÍMICA | ||
| 773 | 0 |
_tHorticultura Brasileira (Brazil) _xISSN 0102-0536 _g(Jul-Sep 2007), v. 25(3) p. 411-417 _wBR2011002443 |
|
| 856 | 4 |
_uhttp://www.scielo.br/pdf/hb/v25n3/a18v25n3.pdf _yRecurso eletrônico (PDF) |
|
| 909 |
_a202311 _bLúcia _c55 _dLúcia Elande |
||
| 942 |
_2AGRIS _n0 _cANA |
||
| 999 |
_c213199 _d213199 |
||